[Event "Latham op"]
[Site "Latham"]
[Date "2004.01.23"]
[Round "1"]
[White "Logan, James C"]
[Black "Vadakin, Jason R"]
[Result "1/2-1/2"]
[WhiteElo "1249"]
[BlackElo "1377"]
[PlyCount "94"]
[EventDate "2004.01.23"]
[EventType "swiss"]
[EventRounds "5"]
[EventCountry "USA"]
[SourceTitle "EXT 2007"]
[Source "ChessBase"]
[SourceDate "2006.11.23"]
[SourceVersion "1"]
[SourceVersionDate "2006.11.23"]
[SourceQuality "1"]

1. d4 d5 2. c4 c6 3. Nc3 Nf6 4. Nf3 Bf5 5. Qb3 b6 6. Bf4 e6 7. e3 Bd6 8. Bxd6 Qxd6 9. h3 0-0 10. Ne2 Nbd7 11. Nc1 e5 12. dxe5 Nxe5 13. Nxe5 Qxe5 14. Bd3 Rad8 15. Bxf5 Qxf5 16. 0-0 Ne4 17. Qc2 dxc4 18. f3 Ng3 19. Qxf5 Nxf5 20. e4 Nd4 21. Rf2 Rd7 22. Ne2 Nxe2+ 23. Rxe2 Rfd8 24. Kf2 b5 25. Rc1 Rd4 26. b3 cxb3 27. Rxc6 Rc4 28. Ra6 Ra4 29. Rxa4 bxa4 30. axb3 axb3 31. Rb2 Rb8 32. Ke3 a5 33. Kd3 a4 34. Kc3 Rc8+ 35. Kb4 Rc2 36. Rb1 Ra2 37. Rd1 g6 38. Rb1 b2 39. Kc3 a3 40. Kc2 Ra1 41. g3 Rxb1 42. Kxb1 Kg7 43. h4 Kf6 44. f4 Ke6 45. g4 f5 46. gxf5+ gxf5 47. e5 h5 1/2-1/2

[Event "East Greenbush op"]
[Site "East Greenbush"]
[Date "2003.11.15"]
[Round "3"]
[White "Stevens, Aanarian"]
[Black "Logan, James C"]
[Result "0-1"]
[WhiteElo "992"]
[BlackElo "1249"]
[PlyCount "106"]
[EventDate "2003.11.15"]
[EventType "swiss"]
[EventRounds "4"]
[EventCountry "USA"]
[SourceTitle "EXT 2008"]
[Source "ChessBase"]
[SourceDate "2007.11.25"]
[SourceVersion "1"]
[SourceVersionDate "2007.11.25"]
[SourceQuality "1"]

1. d4 d5 2. c4 e6 3. Nf3 Nf6 4. Nc3 Be7 5. cxd5 exd5 6. Bg5 0-0 7. e3 Be6 8. Bd3 Nbd7 9. 0-0 c5 10. Qc2 Ne4 11. Bxe7 Qxe7 12. Nxe4 dxe4 13. Bxe4 Nf6 14. Ng5 Nxe4 15. Nxe4 Bf5 16. f3 Rac8 17. Qf2 Bxe4 18. fxe4 cxd4 19. exd4 Qxe4 20. Rfe1 Qg6 21. d5 Rc2 22. Re2 Rfc8 23. Rae1 f6 24. d6 Rxe2 25. Qxe2 Rd8 26. d7 Rxd7 27. Qe8+ Qxe8 28. Rxe8+ Kf7 29. Re1 Rd2 30. Rb1 Ke6 31. Kf1 Kd5 32. Re1 Rxb2 33. Re7 Rxa2 34. Rxb7 g5 35. Rxh7 Ke5 36. Rh5 Kf4 37. Rh3 g4 38. Rh4 f5 39. Rh7 Ke3 40. Re7+ Kf4 41. g3+ Kf3 42. Ke1 Rxh2 43. Rxa7 Kxg3 44. Ra3+ Kh4 45. Ra4 Kh3 46. Rf4 Ra2 47. Rxf5 g3 48. Rf3 Kh2 49. Rxg3 Kxg3 50. Kd1 Kf3 51. Ke1 Rb2 52. Kd1 Ke3 53. Kc1 Rh2 0-1

[Event "Schenectady op10b"]
[Site "Schenectady"]
[Date "2003.10.26"]
[Round "1"]
[White "Logan, James C"]
[Black "Cheney, William"]
[Result "1-0"]
[WhiteElo "1249"]
[BlackElo "1555"]
[PlyCount "73"]
[EventDate "2003.10.26"]
[EventType "swiss"]
[EventRounds "3"]
[EventCountry "USA"]
[SourceTitle "EXT 2008"]
[Source "ChessBase"]
[SourceDate "2007.11.25"]
[SourceVersion "1"]
[SourceVersionDate "2007.11.25"]
[SourceQuality "1"]

1. d4 d5 2. c4 e6 3. Nc3 Nf6 4. Bg5 Nbd7 5. e3 c6 6. Nf3 Qa5 7. a3 Ne4 8. Qc2 Bb4 9. Rc1 Bxc3+ 10. bxc3 Qxa3 11. Bf4 h6 12. h4 b6 13. Nd2 Ndf6 14. cxd5 exd5 15. Bd3 Nxd2 16. Qxd2 0-0 17. f3 Ba6 18. Bxa6 Qxa6 19. g4 Qc4 20. g5 Nh5 21. gxh6 Nxf4 22. exf4 Rfe8+ 23. Kf2 Re6 24. hxg7 Rae8 25. Rce1 a5 26. Rxe6 Rxe6 27. f5 Rf6 28. Rg1 Rxf5 29. Qe3 Qa2+ 30. Kg3 Kxg7 31. Kh3+ Kf6 32. Qh6+ Ke7 33. Re1+ Kd7 34. Qe3 Kc8 35. Qe8+ Kc7 36. Re7+ Kd6 37. Qd7# 1-0

[Event "Schenectady op10b"]
[Site "Schenectady"]
[Date "2003.10.26"]
[Round "2"]
[White "Snyder, Walter J"]
[Black "Logan, James C"]
[Result "0-1"]
[WhiteElo "1308"]
[BlackElo "1249"]
[PlyCount "62"]
[EventDate "2003.10.26"]
[EventType "swiss"]
[EventRounds "3"]
[EventCountry "USA"]
[SourceTitle "EXT 2008"]
[Source "ChessBase"]
[SourceDate "2007.11.25"]
[SourceVersion "1"]
[SourceVersionDate "2007.11.25"]
[SourceQuality "1"]

1. Nf3 d5 2. c4 e6 3. e3 Nf6 4. b3 b6 5. Bb2 c5 6. d3 Bb7 7. Be2 Be7 8. 0-0 0-0 9. cxd5 exd5 10. Nbd2 Nc6 11. d4 Rc8 12. Bb5 a6 13. Bxc6 Bxc6 14. Rc1 Bb5 15. Re1 Nd7 16. dxc5 bxc5 17. a4 Bc6 18. Nf1 Bb7 19. Ng3 Bf6 20. Qd2 Bxb2 21. Qxb2 Nf6 22. Ne5 d4 23. Red1 Qd5 24. f4 Rfd8 25. Nf5 Rc7 26. Nxd4 Qe4 27. Qd2 Rcc8 28. Rc2 cxd4 29. Rxc8 Rxc8 30. exd4 Rc2 31. Re1 Rxd2 0-1